Mathematical analysis for business, economics, and the life and social sciences / (Record no. 26319)

MARC details
000 -LEADER
fixed length control field 01285cam a2200361 i 4500
001 - CONTROL NUMBER
control field 011300941
003 - CONTROL NUMBER IDENTIFIER
control field EG-ScBUE
005 - DATE AND TIME OF LATEST TRANSACTION
control field 20240926110033.0
008 - FIXED-LENGTH DATA ELEMENTS--GENERAL INFORMATION
fixed length control field 921124t1993 njua f 001 0 eng d
020 ## - INTERNATIONAL STANDARD BOOK NUMBER
International Standard Book Number 0135643457
020 ## - INTERNATIONAL STANDARD BOOK NUMBER
International Standard Book Number 9780135643457
040 ## - CATALOGING SOURCE
Original cataloging agency Whitaker
Language of cataloging eng
Description conventions rda
Modifying agency Uk
-- EG-ScBUE
Transcribing agency EG-ScBUE
082 04 - DEWEY DECIMAL CLASSIFICATION NUMBER
Classification number 515
Edition number 22
Item number ARY
100 1# - MAIN ENTRY--PERSONAL NAME
Personal name Arya, Jagdish C.,
Relator term author.
9 (RLIN) 23484
245 10 - TITLE STATEMENT
Title Mathematical analysis for business, economics, and the life and social sciences /
Statement of responsibility, etc Jagdish C. Arya, Robin W. Lardner, Department of Mathematics, Simon Fraser University.
250 ## - EDITION STATEMENT
Edition statement Fourth edition.
250 ## - EDITION STATEMENT
Edition statement Prentice Hall international edition.
264 #1 - PUBLICATION, DISTRIBUTION, ETC. (IMPRINT)
Place of publication, distribution, etc Englewood Cliffs, New Jersey :
Name of publisher, distributor, etc Prentice Hall International,
Date of publication, distribution, etc [1993]
264 #4 - PUBLICATION, DISTRIBUTION, ETC. (IMPRINT)
Date of publication, distribution, etc c1993
300 ## - PHYSICAL DESCRIPTION
Extent xvi, 859 pages :
Other physical details illustrations ;
Dimensions 23 cm
336 ## - CONTENT TYPE
Source rdacontent
Content type term text
Content type code txt
337 ## - MEDIA TYPE
Media type term unmediated
Source rdamedia
Media type code n
338 ## - CARRIER TYPE
Carrier type term volume
Carrier type code nc
Source rdacarrier
500 ## - GENERAL NOTE
General note Includes index.<br/>
650 #7 - SUBJECT ADDED ENTRY--TOPICAL TERM
Source of heading or term BUEsh
9 (RLIN) 19895
Topical term or geographic name as entry element Mathematical analysis.
650 #7 - SUBJECT ADDED ENTRY--TOPICAL TERM
Source of heading or term BUEsh
9 (RLIN) 801
Topical term or geographic name as entry element Business mathematics.
650 #7 - SUBJECT ADDED ENTRY--TOPICAL TERM
9 (RLIN) 1252
Topical term or geographic name as entry element Economics, Mathematical.
Source of heading or term BUEsh
651 ## - SUBJECT ADDED ENTRY--GEOGRAPHIC NAME
Source of heading or term BUEsh
653 ## - INDEX TERM--UNCONTROLLED
Resource For college Generalities
-- BAEPS, Economics
-- BAEPS, Business Administration
Arrived date list March2018
655 ## - INDEX TERM--GENRE/FORM
Form subdivision Reading book
700 1# - ADDED ENTRY--PERSONAL NAME
Personal name Lardner, Robin W.,
Relator term author.
942 ## - ADDED ENTRY ELEMENTS (KOHA)
Source of classification or shelving scheme Dewey Decimal Classification
Koha item type Book - Borrowing
Holdings
Withdrawn status Lost status Source of classification or shelving scheme Damaged status Not for loan Collection code Home library Current library Shelving location Date acquired Source of acquisition Total Checkouts Full call number Barcode Date last seen Price effective from Koha item type Date checked out
    Dewey Decimal Classification     Baccah Central Library Central Library First floor 15/03/2018 Purchase   515 ARY 000047424 15/07/2025 15/03/2018 Book - Borrowing  
    Dewey Decimal Classification     Baccah Central Library Central Library First floor 18/03/2018 Purchase 1 515 ARY 000047437 28/04/2026 18/03/2018 Book - Borrowing 28/04/2026